Bài tập lý thuyết xác suất và thống kê toán /

Đã lưu trong:
Bibliografiske detaljer
Hovedforfatter: Hoàng Hữu Như
Andre forfattere: Nguyễn Văn Hữu
Format: Sách giấy
Sprog:Vietnamese
Udgivet: Hà Nội : Đại học và Trung học Chuyên nghiệp , 1978
Tags: Tilføj Tag
Ingen Tags, Vær først til at tagge denne postø!
Thư viện lưu trữ: Thư viện Trường Đại học Đà Lạt
LEADER 00676nam a2200253 4500
001 DLU020016605
005 ##11/25/2000
020 # # |a 978- 
041 # # |a vie 
082 # # |a 519.507 6  |b HO-N 
100 # # |a Hoàng Hữu Như 
245 # # |a Bài tập lý thuyết xác suất và thống kê toán /  |c Hoàng Hữu Như, Nguyễn Văn Hữu 
260 # # |a Hà Nội :  |b Đại học và Trung học Chuyên nghiệp ,  |c 1978 
300 # # |a 590 tr.;   |c 19 cm. 
700 # # |a Nguyễn Văn Hữu 
992 # # |a 882 
994 # # |a DLU 
900 # # |a False 
911 # # |a Administrator 
925 # # |a G 
926 # # |a A 
927 # # |a SH 
980 # # |a Thư viện Trường Đại học Đà Lạt